000 01069nam a22002297a 4500
003 JO-AjAnu
005 20231205094151.0
008 231203b jo ||||| |||| 00| 0 ara d
020 _a9789923991053
040 _aJO-AjAnu
_bARA
_cJO-AjAnu
041 _aARA
050 _aPJ6021
_aM34
_a2022
100 1 _aالمحافظة، علي
_957251
_eرئيس لجنة الندوات والمحاضرات والمؤتمرات
245 2 0 _aالموسم الثقافي الاربعون لمجمع اللغة العربية الاردي2022م : اللغة العربية والتواصل الحضاري /
_cعلي محافظة ... واخرون
250 _aالطبعة الاولى
260 _aعمان :
_bمجمع اللغة العربية الاردني،
_c2022
300 _a180صفحة
650 0 _aمجامع اللغة العربية - علم اللغة الاجتماعي- اللغة العربية- الاردن
_964617
700 1 _aحور،محمد
_964618
700 1 _aالامين، محمد السعودي
_964619
_eمشرف عام
942 _2lcc
_cBK
_n0
999 _c33241
_d33241